Can't hurt me: (Record no. 617385)
[ view plain ]
| 000 -LEADER | |
|---|---|
| fixed length control field | 00869nam a22001577a 4500 |
| 020 ## - INTERNATIONAL STANDARD BOOK NUMBER | |
| International Standard Book Number | 9781544507859 |
| 040 ## - CATALOGING SOURCE | |
| Transcribing agency | NUSt |
| 082 ## - DEWEY DECIMAL CLASSIFICATION NUMBER | |
| Classification number | 158.12,GOG |
| 100 ## - MAIN ENTRY--PERSONAL NAME | |
| Personal name | Goggins, David |
| 9 (RLIN) | 134401 |
| 245 ## - TITLE STATEMENT | |
| Title | Can't hurt me: |
| Remainder of title | master your mind and Defy the odds / |
| Statement of responsibility, etc. | David Goggins |
| 260 ## - PUBLICATION, DISTRIBUTION, ETC. | |
| Place of publication, distribution, etc. | American |
| Name of publisher, distributor, etc. | Lioncrest |
| Date of publication, distribution, etc. | 2018 |
| 300 ## - PHYSICAL DESCRIPTION | |
| Extent | 294 p.; |
| 505 ## - FORMATTED CONTENTS NOTE | |
| Formatted contents note | Introduction (Page-), I should Been A Statistic (Page-9), Truth Hurts (Page-32), The Impossible task (Page-59), Taking Souls (Page-83), Armored Mind (Page-195), It's Not About A trophy (Page-132), The Most Powerful Weapon (Page-155), Talent Not Reacquired (Page-186), Uncommon Amongst Uncommon (Page-214), The Empowerment of Failure (Page-241), What If (Page-271), Acknowledgment (Page-290), About the Author (Page-294). |
| 650 ## - SUBJECT ADDED ENTRY--TOPICAL TERM | |
| Topical term or geographic name entry element | Memoir and self-help guide detailing his life |
| 9 (RLIN) | 134402 |
| 942 ## - ADDED ENTRY ELEMENTS (KOHA) | |
| Source of classification or shelving scheme | |
| Koha item type | Book |
| Call number prefix | 158.12,GOG |
| Withdrawn status | Lost status | Source of classification or shelving scheme | Damaged status | Not for loan | Permanent Location | Current Location | Shelving location | Date acquired | Total Checkouts | Full call number | Barcode | Date last seen | Price effective from | Koha item type |
|---|---|---|---|---|---|---|---|---|---|---|---|---|---|---|
| Military College of Signals (MCS) | Military College of Signals (MCS) | General Stacks | 05/11/2026 | 158.12,GOG | MCS39004 | 05/11/2026 | 05/11/2026 | Book |
